[Event "Buenos Aires Philidor CC Christmas"]
[Site "Buenos Aires"]
[Date "2019.12.17"]
[Round "5.1"]
[White "Ucha, Luis"]
[Black "Herrera, Pablo"]
[Result "1/2-1/2"]
[WhiteElo "2002"]
[BlackElo "2089"]
[PlyCount "55"]
[EventDate "2019.12.03"]
[EventType "swiss"]
[EventRounds "6"]
[EventCountry "ARG"]
[SourceTitle "EXT 2024"]
[Source "ChessBase"]
[SourceDate "2023.10.10"]
[SourceVersion "1"]
[SourceVersionDate "2023.10.10"]
[SourceQuality "1"]

1. e4 g6 2. d4 Bg7 3. Nf3 d6 4. Bd3 Bg4 5. c3 Nd7 6. Nbd2 Ngf6 7. h3 Bxf3 8. Nxf3 e5 9. d5 0-0 10. Bc2 Qe7 11. 0-0 c6 12. dxc6 bxc6 13. b3 d5 14. a4 dxe4 15. Ba3 Nc5 16. Nd2 Rfd8 17. Qe2 Bf8 18. Nxe4 Nfxe4 19. Bxe4 Qe6 20. Bc2 Nxb3 21. Bxb3 Qxb3 22. Bxf8 Rxf8 23. Qxe5 Rfe8 24. Qd4 a5 25. Rab1 Qd5 26. Qxd5 cxd5 27. Rfd1 Re4 28. Rd4 1/2-1/2

[Event "Buenos Aires Philidor CC Christmas"]
[Site "Buenos Aires"]
[Date "2019.12.03"]
[Round "1.3"]
[White "Ruiz Diaz, Alfredo"]
[Black "Herrera, Pablo"]
[Result "1/2-1/2"]
[WhiteElo "1913"]
[BlackElo "2089"]
[PlyCount "105"]
[EventDate "2019.12.03"]
[EventType "swiss"]
[EventRounds "6"]
[EventCountry "ARG"]
[SourceTitle "EXT 2024"]
[Source "ChessBase"]
[SourceDate "2023.10.10"]
[SourceVersion "1"]
[SourceVersionDate "2023.10.10"]
[SourceQuality "1"]

1. e4 d5 2. exd5 Nf6 3. Nf3 Nxd5 4. c4 Nb6 5. d4 g6 6. Nc3 Bg7 7. h3 0-0 8. Be3 Nc6 9. Qd2 e5 10. d5 Nd4 11. Nxd4 exd4 12. Bxd4 Re8+ 13. Be3 c6 14. 0-0-0 cxd5 15. Nxd5 Nxd5 16. Qxd5 Qc7 17. g3 Be6 18. Qc5 Qxc5 19. Bxc5 Rec8 20. Be3 Bxc4 21. Bxc4 Rxc4+ 22. Kb1 Rac8 23. Rd2 a5 24. Rhd1 Bf6 25. Rd6 R4c6 26. Rd7 b5 27. Rb7 b4 28. Rbd7 a4 29. R7d6 b3 30. axb3 axb3 31. Rxc6 Rxc6 32. Rd3 h5 33. Rxb3 Be5 34. Rb5 Re6 35. g4 f5 36. gxf5 gxf5 37. Bg5 Kh7 38. f4 Bd4 39. Kc2 Re2+ 40. Kb1 Re3 41. h4 Rh3 42. Ka2 Bf2 43. Rxf5 Bxh4 44. b4 Bxg5 45. Rxg5 h4 46. Kb2 Kh6 47. b5 Re3 48. b6 Re7 49. Ka3 Rf7 50. Rb5 Rxf4 51. b7 Rf8 52. b8Q Rxb8 53. Rxb8 1/2-1/2

[Event "Buenos Aires Faogba 36th"]
[Site "Buenos Aires"]
[Date "2019.11.21"]
[Round "5.7"]
[White "Wald, Gabriel"]
[Black "Herrera, Pablo"]
[Result "0-1"]
[WhiteElo "1876"]
[BlackElo "1990"]
[PlyCount "114"]
[EventDate "2019.11.07"]
[EventType "swiss"]
[EventRounds "7"]
[EventCountry "ARG"]
[SourceTitle "EXT 2024"]
[Source "ChessBase"]
[SourceDate "2023.10.10"]
[SourceVersion "1"]
[SourceVersionDate "2023.10.10"]
[SourceQuality "1"]

1. d4 e6 2. Nf3 d5 3. g3 Nf6 4. Bg2 c5 5. c3 Nc6 6. 0-0 Be7 7. Nbd2 Bd7 8. Re1 cxd4 9. cxd4 Qb6 10. Qb3 Nxd4 11. Nxd4 Qxd4 12. Qxb7 0-0 13. Nf3 Qb4 14. Qxb4 Bxb4 15. Bd2 Bc5 16. Ne5 Bb5 17. e3 Bd6 18. Bc3 Rfc8 19. Bd4 Rc2 20. Rac1 Rac8 21. Rxc2 Rxc2 22. f4 Bxe5 23. Bxe5 Nd7 24. Bd4 f5 25. Bf1 a6 26. a4 Bxf1 27. Rxf1 Nc5 28. b4 Nxa4 29. Ra1 Nc3 30. Bxc3 Rxc3 31. Kf2 Rc6 32. h3 Kf7 33. Ke2 Ke7 34. Kd3 Kd6 35. g4 fxg4 36. hxg4 h6 37. Rg1 e5 38. g5 h5 39. g6 e4+ 40. Kd2 Rb6 41. Rh1 Rxb4 42. Rxh5 Rb2+ 43. Kc3 Re2 44. Rh7 Rxe3+ 45. Kb4 Rf3 46. Rxg7 Rxf4 47. Ra7 Ke5 48. Kc5 Rg4 49. Rxa6 e3 50. Ra3 Rc4+ 51. Kb5 Ke4 52. g7 Rc8 53. Ra7 d4 54. Rf7 Rg8 55. Re7+ Kd3 56. Kc5 e2 57. Kd5 Rxg7 0-1

[Event "Buenos Aires Anaya Memorial 1st"]
[Site "Buenos Aires"]
[Date "2019.05.31"]
[Round "5.1"]
[White "Ruiz Diaz, Alfredo"]
[Black "Herrera, Pablo"]
[Result "1/2-1/2"]
[WhiteElo "1957"]
[BlackElo "2118"]
[PlyCount "126"]
[EventDate "2019.05.03"]
[EventType "tourn"]
[EventRounds "5"]
[EventCountry "ARG"]
[SourceTitle "EXT 2024"]
[Source "ChessBase"]
[SourceDate "2023.10.10"]
[SourceVersion "1"]
[SourceVersionDate "2023.10.10"]
[SourceQuality "1"]

1. d4 d6 2. e4 Nf6 3. Nc3 g6 4. Bg5 Bg7 5. e5 Ng8 6. f4 d5 7. Nf3 Nh6 8. Be2 0-0 9. Qd2 f6 10. Bh4 c6 11. 0-0-0 b5 12. Bd3 a5 13. h3 a4 14. Ne2 Qa5 15. Qxa5 Rxa5 16. g4 Ra7 17. g5 Nf5 18. Bf2 Na6 19. c3 Ra8 20. h4 Nc7 21. h5 fxg5 22. Nxg5 Ne6 23. Nxe6 Bxe6 24. hxg6 hxg6 25. Rdg1 Kf7 26. Rh2 Rh8 27. Rhg2 Rh6 28. Ng3 Nh4 29. Rh2 Nf3 30. Rxh6 Bxh6 31. Rf1 Bxf4+ 32. Kc2 Bh3 33. Rh1 Bxg3 34. Rxh3 Ne1+ 35. Bxe1 Bxe1 36. Rh7+ Ke6 37. Bxg6 Rf8 38. Kd1 Bf2 39. Rh2 c5 40. Ke2 Bg3 41. Rg2 Bf4 42. dxc5 Kxe5 43. Bd3 Rc8 44. Bxb5 Rxc5 45. Bxa4 Rc8 46. Bb3 Rh8 47. Kd3 Rh3+ 48. Kc2 Kd6 49. Rf2 e5 50. Kd1 Rh1+ 51. Ke2 Rb1 52. Kf3 Bc1 53. Rf1 e4+ 54. Kg4 Ra1 55. Rd1 Bxb2 56. Rxd5+ Kc6 57. Rd1 Rxd1 58. Bxd1 Bxc3 59. Kf4 Kb6 60. a4 Ka5 61. Kxe4 Bb4 62. Kd5 Bc3 63. Kc4 Be1 1/2-1/2

[Event "Buenos Aires Anaya Memorial 1st"]
[Site "Buenos Aires"]
[Date "2019.05.10"]
[Round "2.1"]
[White "Herrera, Pablo"]
[Black "Gerola, Pablo"]
[Result "1/2-1/2"]
[WhiteElo "2118"]
[BlackElo "2117"]
[PlyCount "79"]
[EventDate "2019.05.03"]
[EventType "tourn"]
[EventRounds "5"]
[EventCountry "ARG"]
[SourceTitle "EXT 2024"]
[Source "ChessBase"]
[SourceDate "2023.10.10"]
[SourceVersion "1"]
[SourceVersionDate "2023.10.10"]
[SourceQuality "1"]

1. Nf3 d5 2. d4 Nf6 3. c4 e6 4. Nc3 c6 5. cxd5 exd5 6. Bg5 Be7 7. e3 0-0 8. Qc2 Nbd7 9. Bd3 Re8 10. 0-0 h6 11. Bf4 Nf8 12. h3 Be6 13. a3 N6d7 14. b4 a6 15. Rfb1 b5 16. Ne2 Rc8 17. Ng3 Nb6 18. Nf5 Nc4 19. Ne5 Bf6 20. Ng4 Bxf5 21. Bxf5 Ne6 22. Nxf6+ Qxf6 23. Bg3 g6 24. Bd3 Ng5 25. a4 Ne4 26. Bxe4 Rxe4 27. Ra2 Ree8 28. axb5 axb5 29. Rba1 Qe7 30. Qc3 Red8 31. Ra6 Rd7 32. R1a2 Kg7 33. Be5+ Kh7 34. Ra8 Rxa8 35. Rxa8 Rd8 36. Ra6 Rc8 37. Bg3 Kg7 38. Be5+ Kh7 39. Bg3 Kg7 40. Be5+ 1/2-1/2

[Event "Buenos Aires Anaya Memorial 1st"]
[Site "Buenos Aires"]
[Date "2019.05.03"]
[Round "1.1"]
[White "Rodriguez Vargas, Sergio"]
[Black "Herrera, Pablo"]
[Result "1/2-1/2"]
[WhiteElo "2019"]
[BlackElo "2118"]
[PlyCount "65"]
[EventDate "2019.05.03"]
[EventType "tourn"]
[EventRounds "5"]
[EventCountry "ARG"]
[SourceTitle "EXT 2024"]
[Source "ChessBase"]
[SourceDate "2023.10.10"]
[SourceVersion "1"]
[SourceVersionDate "2023.10.10"]
[SourceQuality "1"]

1. e4 e6 2. d4 d5 3. Nc3 dxe4 4. Nxe4 Nd7 5. Nf3 Ngf6 6. Nxf6+ Nxf6 7. Bd3 c5 8. 0-0 cxd4 9. Nxd4 a6 10. Bg5 Be7 11. Re1 0-0 12. c3 Qc7 13. Qf3 Re8 14. Rad1 Qc5 15. Qg3 Bd7 16. Re5 Qc7 17. Rde1 g6 18. Nf5 exf5 19. Rxe7 Qxg3 20. hxg3 Nd5 21. Rxe8+ Rxe8 22. Rxe8+ Bxe8 23. Bd2 Bd7 24. f3 Kf8 25. Kf2 f6 26. c4 Nb6 27. Be3 Nc8 28. b4 Ke7 29. c5 Ba4 30. Bc4 Na7 31. Bd4 Nc6 32. Bc3 Ne5 33. Be2 1/2-1/2

[Event "Moron Mayor Cup Challengers 1819"]
[Site "Moron"]
[Date "2019.04.01"]
[Round "1.2"]
[White "Herrera, Pablo"]
[Black "Ruiz Diaz, Alfredo"]
[Result "0-1"]
[WhiteElo "2114"]
[BlackElo "1933"]
[PlyCount "110"]
[EventDate "2019.04.01"]
[EventType "tourn"]
[EventRounds "7"]
[EventCountry "ARG"]
[SourceTitle "EXT 2024"]
[Source "ChessBase"]
[SourceDate "2023.10.10"]
[SourceVersion "1"]
[SourceVersionDate "2023.10.10"]
[SourceQuality "1"]

1. b4 d5 2. Bb2 e6 3. Nf3 Nf6 4. a3 Bd6 5. e3 0-0 6. c4 c6 7. d4 Re8 8. Nbd2 Nbd7 9. Be2 Qe7 10. 0-0 e5 11. cxd5 Nxd5 12. Nc4 e4 13. Nxd6 Qxd6 14. Ne5 f6 15. Nc4 Qe7 16. Rc1 a6 17. Qd2 Nf8 18. Rfe1 Ng6 19. f3 f5 20. f4 Be6 21. g3 Rad8 22. Na5 Qf7 23. a4 Qd7 24. Bd1 Rc8 25. Nc4 Rb8 26. Bh5 Bf7 27. Ba3 Nf6 28. Be2 Nd5 29. Rb1 Red8 30. Bf1 Rdc8 31. Rec1 h6 32. Be2 Rd8 33. Bh5 Kh7 34. Qe2 Nf6 35. Bxg6+ Bxg6 36. Ne5 Qe8 37. Nxg6 Kxg6 38. b5 axb5 39. axb5 cxb5 40. Rxb5 Nd5 41. g4 fxg4 42. Qxg4+ Kh7 43. Qf5+ g6 44. Qxd5 Rxd5 45. Rxd5 Rc8 46. Rb1 Qe6 47. Rxb7+ Kg8 48. Rc5 Qg4+ 49. Kf2 Qf3+ 50. Kg1 Qxe3+ 51. Kg2 Rxc5 52. Bxc5 Qf3+ 53. Kg1 e3 54. Rb1 Qf2+ 55. Kh1 e2 0-1

[Event "Moron Mayor Cup Challengers 1819"]
[Site "Moron"]
[Date "2019.??.??"]
[Round "7.2"]
[White "Gerola, Pablo"]
[Black "Herrera, Pablo"]
[Result "0-1"]
[WhiteElo "2113"]
[BlackElo "2114"]
[PlyCount "118"]
[EventDate "2019.04.01"]
[EventType "tourn"]
[EventRounds "7"]
[EventCountry "ARG"]
[SourceTitle "EXT 2024"]
[Source "ChessBase"]
[SourceDate "2023.10.10"]
[SourceVersion "1"]
[SourceVersionDate "2023.10.10"]
[SourceQuality "1"]

1. d4 Nf6 2. Nf3 e6 3. Bf4 b6 4. e3 Bb7 5. Nbd2 Be7 6. h3 Ne4 7. Bd3 f5 8. c3 0-0 9. Qc2 Nxd2 10. Qxd2 a5 11. Qe2 Nc6 12. Rd1 Bf6 13. e4 g6 14. e5 Bg7 15. Bg5 Ne7 16. Qe3 Bxf3 17. gxf3 Qe8 18. Bc4 c6 19. a3 f4 20. Qd2 Nf5 21. Bd3 h6 22. Bxf5 Rxf5 23. Bxf4 Qf8 24. Be3 Rxf3 25. h4 Qf5 26. Qd3 b5 27. Qxf5 Rxf5 28. Ke2 Kh7 29. Kd3 a4 30. Rhg1 Rg8 31. Rc1 Rh5 32. c4 bxc4+ 33. Rxc4 Ra8 34. Rg4 Bf8 35. Rc1 Be7 36. Rcg1 Rg8 37. Rc1 Rxh4 38. Rg2 Rb8 39. Rc4 Rxb2 40. Rxa4 Rb3+ 41. Kc4 Rxa3 42. Rxa3 Bxa3 43. Rg1 c5 44. Ra1 cxd4 45. Bd2 Bb2 46. Ra7 d3+ 47. f4 Bxe5 48. Rxd7+ Kg8 49. Kxd3 Bxf4 50. Bc3 e5 51. Ba5 Rh3+ 52. Kc4 h5 53. Bd8 Rh2 54. Bf6 Rc2+ 55. Kb5 e4 56. Re7 e3 57. Bd4 e2 58. Bf2 g5 59. Re4 h4 0-1

[Event "Buenos Aires Szmetan Giardelli op"]
[Site "Buenos Aires"]
[Date "2018.12.11"]
[Round "8"]
[White "Burotto, Nicolas"]
[Black "Herrera, Pablo"]
[Result "0-1"]
[WhiteElo "1684"]
[BlackElo "1955"]
[PlyCount "50"]
[EventDate "2018.12.04"]
[EventType "swiss"]
[EventRounds "9"]
[EventCountry "ARG"]
[SourceTitle "CBM 187 Extra"]
[Source "ChessBase"]
[SourceDate "2018.11.04"]
[SourceVersion "1"]
[SourceVersionDate "2018.11.04"]
[SourceQuality "1"]

1. e4 d5 2. exd5 Nf6 3. Nf3 Nxd5 4. d4 Bg4 5. Be2 e6 6. 0-0 Nd7 7. c4 N5f6 8. Re1 Be7 9. Nc3 0-0 10. h3 Bh5 11. a3 c6 12. Bf4 Nb6 13. g4 Bg6 14. Bf1 Re8 15. b4 Bf8 16. Qb3 a5 17. b5 a4 18. Qb2 c5 19. Rad1 cxd4 20. Rxd4 Qc8 21. Ne5 Qc5 22. Red1 Qxa3 23. Qa1 Qxa1 24. Rxa1 Bc5 25. Rd2 Bb4 0-1

[Event "San Juan Semana U2200 2nd"]
[Site "San Juan"]
[Date "2018.11.03"]
[Round "3.1"]
[White "Herrera, Pablo"]
[Black "Piceda, Bruno Ariel"]
[Result "1/2-1/2"]
[WhiteElo "1996"]
[BlackElo "1777"]
[PlyCount "34"]
[EventDate "2018.11.02"]
[EventType "swiss"]
[EventRounds "6"]
[EventCountry "ARG"]
[SourceTitle "EXT 2024"]
[Source "ChessBase"]
[SourceDate "2023.10.10"]
[SourceVersion "1"]
[SourceVersionDate "2023.10.10"]
[SourceQuality "1"]

1. e4 d6 2. d4 g6 3. c4 Bg7 4. Nc3 Nf6 5. Be2 0-0 6. Bg5 h6 7. Bh4 Na6 8. Nf3 e5 9. dxe5 dxe5 10. Qxd8 Rxd8 11. Nxe5 Re8 12. Bg3 Nxe4 13. Nxe4 Bxe5 14. Bxe5 Rxe5 15. Nc3 Bf5 16. 0-0 Rae8 17. Bf3 c6 1/2-1/2

[Event "Buenos Aires sf U2200 CARP"]
[Site "Buenos Aires"]
[Date "2018.10.20"]
[Round "4.4"]
[White "Berenstein, Gustavo"]
[Black "Herrera, Pablo"]
[Result "1/2-1/2"]
[WhiteElo "1704"]
[BlackElo "1996"]
[PlyCount "40"]
[EventDate "2018.10.20"]
[EventType "swiss"]
[EventRounds "6"]
[EventCountry "ARG"]
[SourceTitle "EXT 2024"]
[Source "ChessBase"]
[SourceDate "2023.10.10"]
[SourceVersion "1"]
[SourceVersionDate "2023.10.10"]
[SourceQuality "1"]

1. c4 Nf6 2. d4 e6 3. Nf3 Bb4+ 4. Bd2 c5 5. Bxb4 cxb4 6. Nbd2 d6 7. e4 Nbd7 8. Bd3 0-0 9. 0-0 e5 10. a3 bxa3 11. Rxa3 exd4 12. Nxd4 Ne5 13. Kh1 Qb6 14. N2b3 Bd7 15. h3 Rae8 16. Re1 a6 17. Qc2 Nc6 18. Nxc6 Bxc6 19. c5 dxc5 20. Qxc5 Nd7 1/2-1/2

[Event "Moron Philidor CC op 17th"]
[Site "Moron"]
[Date "2018.09.11"]
[Round "3"]
[White "Herrera, Pablo"]
[Black "Ucha, Luis"]
[Result "0-1"]
[WhiteElo "1989"]
[BlackElo "1858"]
[PlyCount "88"]
[EventDate "2018.09.04"]
[EventType "swiss"]
[EventRounds "6"]
[EventCountry "ARG"]
[SourceTitle "CBM 186 Extra"]
[Source "ChessBase"]
[SourceDate "2018.08.24"]
[SourceVersion "1"]
[SourceVersionDate "2018.08.24"]
[SourceQuality "1"]

1. Nf3 d5 2. d4 e6 3. c4 Nf6 4. Nc3 c5 5. cxd5 Nxd5 6. e4 Nxc3 7. bxc3 cxd4 8. cxd4 Bb4+ 9. Bd2 Qa5 10. Bd3 Nc6 11. Rb1 0-0 12. Ke2 Bxd2 13. Qxd2 Qxd2+ 14. Kxd2 Rd8 15. Ke3 a5 16. Rhc1 Ra7 17. Bb5 Bd7 18. Bxc6 Bxc6 19. Ne5 Be8 20. Rc7 f6 21. Nd3 Rd7 22. Rxd7 Bxd7 23. Nc5 Bc8 24. Rb6 Kf7 25. e5 f5 26. d5 exd5 27. Kd4 a4 28. Kxd5 Ke7 29. a3 Ra5 30. f4 Ra7 31. h4 Ra5 32. h5 Ra7 33. h6 g6 34. Rxg6 hxg6 35. h7 Be6+ 36. Nxe6 Ra8 37. Ng5 Rc8 38. Nf3 b5 39. Nd4 Rh8 40. Nc6+ Ke8 41. Na7 b4 42. Nb5 b3 43. Nd6+ Kf8 44. Nc4 Rxh7 0-1

[Event "Moron Philidor CC op 17th"]
[Site "Moron"]
[Date "2018.09.06"]
[Round "2"]
[White "Oyarzu, Eduardo"]
[Black "Herrera, Pablo"]
[Result "1/2-1/2"]
[WhiteElo "1817"]
[BlackElo "1989"]
[PlyCount "47"]
[EventDate "2018.09.04"]
[EventType "swiss"]
[EventRounds "6"]
[EventCountry "ARG"]
[SourceTitle "CBM 186 Extra"]
[Source "ChessBase"]
[SourceDate "2018.08.24"]
[SourceVersion "1"]
[SourceVersionDate "2018.08.24"]
[SourceQuality "1"]

1. d4 e6 2. c4 Bb4+ 3. Bd2 Bxd2+ 4. Qxd2 Nf6 5. Nc3 d5 6. e3 0-0 7. Bd3 Nbd7 8. cxd5 exd5 9. Nf3 Qe7 10. Rc1 c6 11. Qc2 Re8 12. 0-0 Nf8 13. Na4 Ng6 14. Nc5 b6 15. Nb3 Bb7 16. Rfe1 a5 17. Nbd2 Ne4 18. Nf1 Rac8 19. Qe2 Rc7 20. Ng3 Qf6 21. Qc2 c5 22. Qa4 Bc6 23. Bb5 Nxg3 24. hxg3 1/2-1/2

[Event "Moron Philidor CC-ch 1st"]
[Site "Moron"]
[Date "2018.05.??"]
[Round "7.1"]
[White "Herrera, Pablo"]
[Black "Ruiz Diaz, Alfredo"]
[Result "1/2-1/2"]
[WhiteElo "2080"]
[BlackElo "1978"]
[PlyCount "39"]
[EventDate "2018.05.01"]
[EventType "tourn"]
[EventRounds "7"]
[EventCountry "ARG"]
[SourceTitle "EXT 2024"]
[Source "ChessBase"]
[SourceDate "2023.10.10"]
[SourceVersion "1"]
[SourceVersionDate "2023.10.10"]
[SourceQuality "1"]

1. b4 e6 2. Bb2 Nf6 3. b5 d5 4. Nf3 c6 5. e3 Bd7 6. bxc6 Nxc6 7. c4 Qb6 8. Bxf6 gxf6 9. cxd5 exd5 10. Nc3 Be6 11. Rb1 Qc7 12. Bd3 a6 13. a4 Nb4 14. Be2 h5 15. Nd4 h4 16. Rc1 Qd6 17. Nxe6 fxe6 18. Bh5+ Kd7 19. Be2 Rc8 20. d4 1/2-1/2

[Event "Buenos Aires Philidor CC Christmas"]
[Site "Buenos Aires"]
[Date "2017.12.??"]
[Round "5.7"]
[White "Sanchez, Belen"]
[Black "Herrera, Pablo"]
[Result "0-1"]
[WhiteElo "1733"]
[BlackElo "2080"]
[PlyCount "48"]
[EventDate "2017.12.04"]
[EventType "swiss"]
[EventRounds "6"]
[EventCountry "ARG"]
[SourceTitle "EXT 2024"]
[Source "ChessBase"]
[SourceDate "2023.10.10"]
[SourceVersion "1"]
[SourceVersionDate "2023.10.10"]
[SourceQuality "1"]

1. e4 d5 2. exd5 Qxd5 3. Nc3 Qa5 4. d4 Nf6 5. Nf3 Bg4 6. Bd3 c6 7. 0-0 e6 8. Bf4 Nbd7 9. Re1 Bb4 10. Re3 Bxc3 11. bxc3 Nd5 12. Re4 Bf5 13. Bd2 Bxe4 14. Bxe4 N5f6 15. c4 Qa4 16. Bd3 0-0 17. Ne5 c5 18. Nxd7 Qxd7 19. dxc5 Qc6 20. Rb1 e5 21. Bg5 e4 22. Be2 Rad8 23. Qc1 Rfe8 24. Rb3 h6 0-1

[Event "Moron Philidor CC U2200 15th"]
[Site "Buenos Aires"]
[Date "2017.09.14"]
[Round "2"]
[White "Herrera, Pablo"]
[Black "Coria, Miguel"]
[Result "1-0"]
[WhiteElo "2012"]
[BlackElo "1637"]
[PlyCount "55"]
[EventDate "2017.09.12"]
[EventType "swiss"]
[EventRounds "7"]
[EventCountry "ARG"]
[SourceTitle "CBM 180 Extra"]
[Source "ChessBase"]
[SourceDate "2017.10.06"]
[SourceVersion "1"]
[SourceVersionDate "2017.10.06"]
[SourceQuality "1"]

1. Nf3 d5 2. d4 c6 3. c4 Nf6 4. Nc3 g6 5. e3 Bg7 6. Bd3 dxc4 7. Bxc4 0-0 8. h3 b5 9. Bd3 Bb7 10. 0-0 Nbd7 11. b3 a6 12. Bb2 Rc8 13. b4 Nb6 14. Ne5 Nbd5 15. Qb3 Qd6 16. a3 Nxc3 17. Qxc3 Rc7 18. Rfd1 Nd5 19. Qe1 f6 20. Nf3 e5 21. dxe5 fxe5 22. e4 Nb6 23. Bc4+ Nxc4 24. Rxd6 Nxd6 25. Bxe5 Bxe5 26. Nxe5 c5 27. bxc5 Rxc5 28. Nd7 1-0